Estudio del calentamiento de agua por medio de radiación solar
Uloženo v:
| Hlavní autor: | |
|---|---|
| Médium: | Neznámo |
| Jazyk: | Undetermined |
| Vydáno: |
[San José , Costa Rica]
1970
|
| Témata: | |
| Tagy: |
Přidat tag
Žádné tagy, Buďte první, kdo vytvoří štítek k tomuto záznamu!
|
MARC
| LEADER | 00000 a2200000 4500 | ||
|---|---|---|---|
| 003 | 010940 | ||
| 005 | 20221231143759.0 | ||
| 008 | 140114s9999 xx 000 0 und d | ||
| 040 | |c cru CEDI | ||
| 082 | |a 621.319.12 K47e | ||
| 100 | |a Kierszenson Mamet, David |9 19423 | ||
| 245 | |a Estudio del calentamiento de agua por medio de radiación solar | ||
| 260 | |c 1970 |a [San José , Costa Rica] | ||
| 300 | |a 46 páginas | ||
| 500 | |a A la cabeza de la portada. Universidad de Costa Rica. Facultad de Ingeniería. Laboratorio Mecánico 1. Informe no.1 | ||
| 650 | |x CONSUMO DE ENERGIA |x CALENTADORES DE AGUA ELECTRICOS |x SUMINISTRO DE AGUA CALIENTE |9 3536 | ||
| 942 | |2 ddc |c BK | ||
| 999 | |c 11876 |d 11876 | ||
